=LDR 00000nam 2200000 4500 =001 INLIS000000000809841 =008 ###################################ind## =035 ##$$a 0010-0825000334 =245 ##$$a Transportasi Di Indonesia Dari Masa Ke Masa / $c Endar Wismulyani =260 ##$$b Cempaka Putih =020 ##$$a 9796623204 =084 ##$$a 385 ANI t =520 ##$$a Pengangkutan dengan kereta api =082 ##$$a 385